000
00281nam a22001217a 4500
082
_a
894.812
_b
THA/C
100
_a
M.J.K.NAMBOOTHIRI
245
_a
CINEMAYUGAM
_b
YUVAHRIDAYANGAL
260
_a
THIRUVANANTHAPURAM
_b
KSIDC
300
_a
84
650
_a
ENTERTAINMENT
_z
KERALA
942
_c
BK
999
_c
1030
_d
1030